000 00637nam a22002177a 4500
005 20170124105941.0
010 _aB-083020
020 _c400.00
_a8178330601
035 _aB-083020
037 _bCen Lib/Ret
040 _aDPL
_bEN
082 _a338.642
_bMUR
100 _aMuralidharan, Jamuna
_911197
245 _a50 Projects to start with 5,00,000 /
_cby Jamuna Muralidharan
260 _aDelhi
_bAsia Pacific Business Press
270 _bDelhi
_a106-E, kamla Nagar
_e110007
300 _a245p.
_c22cm(Hb)
650 _aEntreneurship
_911198
650 _aEmployment
_973565
942 _2ddc
_cEN
_h338.642
_mMUR
999 _c124571
_d124571